Statistics for Archaic Greek Alphabet

Click here to take the quiz!

General Stats

  • This quiz has been taken 32 times
    (29 since last reset)
  • The average score is 4 of 7

Answer Stats

GreekLatin% Correct
ϜϝDigamma
100%
Ϟϟ/ϘϙKoppa
60%
ϺϻSan
47%
ϚϛStigma
47%
Ϡϡ/ͲͳSampi
40%
ϷϸSho
40%
ⱵⱶHeta
33%

Score Distribution

Percentile by Number Answered

Percent of People with Each Score

Your Score History

You have not taken this quiz since the last reset